01758nam a2200445 i 4500001000700000003000800007005001700015006001900032007001500051008004100066020001800107020002700125035002200152040003100174050002000205080001100225082001200236100004500248245017000293264003700463300004100500336002900541337003300570338004300603490001300646504004300659588008300702590016200785650002700947650003600974650004101010650003401051650004301085650004301128655002701171797001801198830001401216856006301230999001901293115153FINmELB20241217174702.0m o u cr cn|||||||||220826s2021 sp ob 000 0 spa d z9788419109019 a9788419109026 (e-book) a(OCoLC)1345545840 aFINmELBbspaerdacFINmELB14aHD31bS678 2021 a658.8404a6582231 aSocconini Pérez Gómez, Luis Vicente.10aLean Six Sigma Management :blearn the methodology that is changing the way organizations of the future are being designed /cLuis Vicente Socconini Pérez Gómez. 1aBarcelona :bMarge Books,c2021. a1 recurso en línea (130 páginas) atextobtxt2rdamedia/spa acomputadorabc2rdamedia/spa arecurso en líneabcr2rdacarrier/spa1 aGestiona aContiene referencias bibliográficas. aDescripción basada en metadatos suministrados por el editor y otras fuentes. aRecurso electrónico. Santa Fe, Arg.: elibro, 2021. Disponible vía World Wide Web. El acceso puede estar limitado para las bibliotecas afiliadas a elibro. 0aIndustrial management. 0aLean manufacturingxManagement. 0aSix sigma (Quality control standard) 4aAdministración de empresas. 4aManufactura esbeltaxAdministración. 4aSix sigma (Norma de control e calidad) 4aLibros electrónicos.2 aelibro, Corp. 0aGestiona.40uhttps://elibro.net/ereader/politecnicointernacional/198580 c115153d115153